Литературные произведения по их аннотациям 2 - Statistics

General Stats
  • This quiz has been taken 21 times
  • The average score is 9 of 25
Answer Stats
Аннотация Произведение % Correct
В юного заносчивого франта влюбляется светская юная особа, но тот отвергает её, а когда, повзрослев, тот остаётся ни с чем благодаря своему паршивому характеру, от ворот поворот уже получает он сам от неё же Евгений Онегин
78%
Тонко чувствующий русский аристократ настолько тягчает о человеческой душе в этом мире, что ленится даже вставать с постели по утрам Обломов
78%
Один из памятников античной литературы, повествующий о Троянской войне Илиада
67%
Сам автор произведения и его кумир, великий древнеримский поэт, ведут длительные диалоги, путешествуя по Преисподней с томящимися в ней историческими фигурами древности Божественная комедия
67%
Получивший хорошее зарубежное образование и профессию аристократ прибывает в место, где провёл своё детство и юность, для того, чтобы просить руки своей первой любви, однако видит, насколько за годы идеологической консервации прогнили местные нравы общества в целом, что вызывает в нём лишь возмущение Горе от ума
67%
Мнительный мужчина средних лет похищает чужую несовершеннолетнюю юную леди, которая начинает в итоге им верховодить Лолита
56%
В будущем тоталитарное общество строго регламентирует практически всю свою жизнь сообразно математическим законам с жёсткой иерархией внутри системы Мы
56%
Умирающий от тяжёлой болезни правитель ищет помощи у своих трёх дочерей Король Лир
50%
Американский школяр импульсивно принимает решение бросить свой нью-йоркский колледж и начинает слоняться по городу, размышляя о своём будущем месте в жизни, сообразно своим чистым помыслам Ловец во ржи
50%
К богатому английскому скупердяю в канун Рождества приходят духи прошлого, настоящего и будущего, настойчиво убеждая его стать хоть чуть добрее сердцем Рождественская песнь в прозе
50%
Умирающий узник рассказывает своему молодому сокамернику о зарытом им на далёком острове кладе Граф Монте-Кристо
44%
Социально недоразвитый мужчина средних лет выигрывает в лотерее крупную сумму денег и покупает большой дом за городом, затем похищает внешне симпатичную девушку, за которой тайно следил до этого, и держит её в подвале Коллекционер
39%
Найденная в арктической пещере фигурка, изображающая собой сидящее странное существо с чертами человека, осьминога и дракона, становится причиной серьёзной культурной экспедиции энтузиастов, даже не представляющих себе, какого масштаба открытия их в нём ждут Зов Ктулху
28%
Серия новелл о колонизации людьми знакомой всем нам красной планеты Марсианские хроники
28%
В средневековье переносится человек из будущего, который начинает "изобретать" обыденные для его времени вещи, и люди древности начинают считать его учёным-магом Трудно быть богом
22%
Мужчина в поезде грубо вмешивается в разговор незнакомых ему людей о любви и рассказывает о своём личном несчастье в браке Крейцерова соната
11%
Шумерское сказание о мужчине, вернувшемся из загробного мира Притча о Гильгамеше
11%
История о невероятном красавце-революционере, вставшем на путь организованного террора в Российской империи Бесы
11%
Обыкновенный рабочий во французском захолустье из-за беспросветности своего существования начинает ощущать реальность отрешённо, что его сильно гложет Тошнота
11%
Инопланетяне похищают случайного старика-американца, и тот рассказывает им историю своей жизни, самым ярким моментом которой является плен у нацистов в Дрездене и освобождение советскими войсками при контрнаступлении с уничтожением города до уровня руин Бойня номер пять, или Крестовый поход детей
11%
Рассказ о мужчине, который убил старика и пытался скрыть его труп под половицами дома, но тот будто бы постоянно донимал его по ночам своим гулким пульсом под полом Сердце-обличитель
11%
Одичалый американский первопроходец отказывается переселяться в большой город середины XIX века Рип ван Винкль
6%
В жёсткой тоталитарной военной диктатуре начала XX века свирепствует смертоносная эпидемия полипов в дыхательных путях, которую правительство упорно игнорирует, пока не заболевает сам диктатор Белая болезнь
6%
Во время Гражданской войны в США солдаты Севера ловят военного чиновника южан и пытаются повесить его над рекой, но в самый ответственный момент верёвка рвётся, и чудом спасшаяся жертва казни бежит от своих палачей Случай на мосту через Совиный ручей
6%
Двое отбракованных инкубатором цыплёнка-бройлера пытаются найти путь к свободе на птицефабрике Затворник и Шестипалый
6%
No matching quizzes found
Score Distribution
Percent of People with Each Score
Percentile by Number Answered
Your Score History
You have not taken this quiz